000
00276nam a22000977a 4500
005
20250901165531.0
008
210602b |||||||| |||| 00| 0 eng d
050
_a
BV4501.2 .M55 1967
245
_a
A second touch
_c
MILLER, KEITH
942
_2
lcc
_h
BV4501.2 .M55 1967
999
_c
5424
_d
5424